Normal view
MARC view
- DCE.TEXTBOOK ARTIFICIAL INTERLLIGENCE
Entry Topical Term
001 - CONTROL NUMBER
- control field: 111607
003 - CONTROL NUMBER IDENTIFIER
- control field: NUST
005 - DATE AND TIME OF LATEST TRANSACTION
- control field: 20230330122932.0
008 - FIXED-LENGTH DATA ELEMENTS
- fixed length control field: 230330|| aca||aabn | a|a d
040 ## - CATALOGING SOURCE
- Original cataloging agency: NUST
- Transcribing agency: NUST
150 ## - HEADING--TOPICAL TERM
- Topical term or geographic name entry element: DCE.TEXTBOOK ARTIFICIAL INTERLLIGENCE
670 ## - SOURCE DATA FOUND
- Source citation: Work cat.: (NUST): Russell, Stuart 54311, Artifical Intelligence:, 2016.
